000 01723cam a22004454i 4500
003 PE-LiUPU
005 20250731173104.0
008 150706s2010 pe a r 000 0 d
020 _a9877011646
020 _a9789877011647
035 _a(Sirsi) a249421
040 _aPE-LiUPU
_bspa
_cPE-LiUPU
_erda
049 _aPRUA
082 0 4 _a286.732
_bM61
_221
100 1 _aAsociación Ministerial de los Adventistas del Séptimo Día,
_eautor.
245 1 0 _aGuía para ancianos de iglesia /
_cAsociación Ministerial de los Adventistas del Séptimo Día .
250 _aCuarta edición.
264 1 _aBuenos Aires :
_bAsociación Casa Editora Sudamericana,
_c2014.
300 _a168 páginas ;
_c21 centímetros.
336 _atext
_2rdacontent
337 _aunmediated
_2rdamedia
338 _avolume
_2rdacarrier
505 0 _aLa iglesia y su organización -- El llamado y las calificaciones del anciano -- El culto -- Liderazgo en la iglesia -- Departamentos de la iglesia -- Evangelismo -- Fortalecimiento de la iglesia -- Ceremonias especiales -- Conclusión -- Índice temático
526 _aSEG42
526 _aSEG41
526 _aSEG40
526 _aSEG39
526 _aP94
526 _aP87
526 _aP86
526 _aP85
526 _aP77
526 _aP76
526 _aP35
942 _2ddc
_cBOOK
949 _a286.732 M61 2013
_wLC
_c1
_iCW00557
_lCIAE5
_mBWL
_p5.00
_r1
_sY
_tBOOK
_u2018-07-30
_xWHITE
_zUNKNOWN
_0COMPRA
_o.STAFF. Centro White
949 _a286.732 M61 2013
_wLC
_c1
_iCW00557
_lCIAE5
_mBWL
_p5.00
_r1
_sY
_tBOOK
_u2018-07-30
_xWHITE
_zUNKNOWN
_0COMPRA
_o.STAFF. Centro White
999 _c28983
_d28983
980 _81
_gALBERTO SANCHEZ Responsable de Automatización